|
|
|
|
| LEADER |
00000nab a2200000 a 4500 |
| 001 |
vtls001002493 |
| 003 |
SK-MaSNL |
| 005 |
20260303041318.0 |
| 008 |
040720e19970505xo 0 slo |
| 035 |
|
|
|a RV3093
|
| 040 |
|
|
|a RVGKPD
|b slo
|c RVGKPD
|e AACR2
|
| 041 |
0 |
|
|a slo
|
| 044 |
|
|
|a xo
|c SK
|
| 080 |
|
|
|a 622.341
|2 1981
|
| 080 |
|
|
|a 331.88
|2 1981
|
| 100 |
0 |
|
|a -JS-
|4 aut
|9 884938
|
| 245 |
1 |
0 |
|a Existencia odborov je opodstatnená
|b Celopodniková konferencia odborárov
|
| 518 |
|
|
|a 24.04.1997
|
| 610 |
2 |
7 |
|a Želba (Spišská Nová Ves, Slovensko)
|2 RVGKPD
|9 31409
|
| 650 |
0 |
7 |
|a odbory
|2 RVGKPD
|9 2328
|
| 650 |
0 |
7 |
|a konferencie celopodnikové
|2 RVGKPD
|9 1025966
|
| 651 |
|
7 |
|a Spišská Nová Ves (Slovensko)
|2 RVGKPD
|9 28800
|
| 773 |
0 |
8 |
|t Banícke slovo
|g Roč. 38, č.9, 5.5.1997, s. 1,2
|
| 852 |
|
|
|a ZVYKNI
|b KIS3GCP
|
| 999 |
|
|
|c 1686310
|d 1688240
|